Znani ludzie według inicjałów - imiona na "J" - Statystyki

Ogólne statystyki
  • Ten quiz został rozwiązany 332 razy
  • Średni wynik to 13 z 23
Statystyki odpowiedzi
Inicjały Kim jest ta osoba? Odpowiedź % Poprawnych
JO Polski dziennikarz i działacz charytatywny, założyciel Wielkiej Orkiestry Świątecznej Pomocy Jerzy Owsiak
88%
JD Polski piłkarz, zwycięzca Ligi Mistrzów w 2005 r. Jerzy Dudek
84%
JK Amerykański polityk, prezydent USA w latach 1961-1963 (do momentu zamordowania) John F. Kennedy
83%
JS Radziecki rewolucjonista, jeden z organizatorów rewolucji październikowej, wieloletni dyktator ZSRR Józef Stalin
81%
JR Brytyjska pisarka, twórczyni serii powieści o Harrym Potterze J.K. Rowling
78%
JL Angielski muzyk, założyciel, wokalista i gitarzysta Beatlesów John Lennon
77%
JT Brytyjski pisarz, twórca powieści "Hobbit, czyli tam i z powrotem" i "Władca Pierścieni" J.R.R. Tolkien
75%
JB Kanadyjski muzyk, znany z piosenek takich jak "Sorry" czy "What Do You Mean?" Justin Bieber
74%
JA Fiński skoczek narciarski, pięciokrotny zwycięzca Turnieju Czterech Skoczni, rekordzista pod względem liczby podiów w konkursach PŚ Janne Ahonen
70%
JJ Polska zawodniczka MMA, mistrzyni organizacji UFC w wadze do 52 kg Joanna Jędrzejczyk
66%
JC Kanadyjski reżyser, odpowiedzialny m.in. za filmy "Titanic" i "Avatar" James Cameron
64%
JG Niemiecki pisarz, twórca dzieł takich jak "Faust" czy "Cierpienia młodego Wertera" Johann Wolfgang von Goethe
59%
JI Hiszpański muzyk, rekordzista pod względem liczby wydanych płyt w różnych językach Julio Iglesias
57%
JX Chiński polityk, przewodniczący Chińskiej Republiki Ludowej od 2013 r. Xi Jinping
52%
JZ Argentyński piłkarz, wieloletni zawodnik Interu Mediolan Javier Zanetti
50%
JV Francuski pisarz, twórca dzieł takich jak "Podróż do wnętrza Ziemi" czy "W 80 dni dookoła świata" Jules Verne
48%
JM Amerykański muzyk, wokalista zespołu The Doors Jim Morrison
47%
JN Amerykański aktor, laureat trzech Oscarów za role w filmach "Lot nad kukułczym gniazdem", "Czułe słówka" i "Lepiej być nie może" Jack Nicholson
45%
JF Amerykańska aktorka, laureatka dwóch Oscarów dla najlepszej aktorki za role w filmach "Milczenie owiec" i "Oskarżeni" Jodie Foster
41%
JH Amerykański muzyk, założyciel, wokalista i gitarzysta zespołu Metallica James Hetfield
23%
JP Angielski muzyk, założyciel i gitarzysta zespołu Led Zeppelin Jimmy Page
23%
JW Polski dziennikarz, założyciel Radia ZET Janusz Weiss
15%
JE Australijski aktor, znany z ról Owena Larsa w "Gwiezdnych wojnach" czy Brendana Conlona w "Wojowniku" Joel Edgerton
6%
Nie znaleziono quizów pasujących do podanych kryteriów
Rozkład punktacji
Procent ludzi z każdym wynikiem
Percentyl według liczby udzielonych odpowiedzi
Twoja historia wyników
Nie rozwiązałeś tego quizu